Innovation and entrepreneurship practice and principles

Enregistré dans:
Détails bibliographiques
Auteur principal: Drucker, Peter F.
Format: Livre
Langue:anglais
Publié: New York Harper Business 1993, reprint 2006
Sujets:
Tags: Ajouter un tag
Pas de tags, Soyez le premier à ajouter un tag!

MARC

LEADER 00000nam a2200000 4500
001 c014306
005 20221214070214.6
020 |a 0-88730-618-7 
020 |a 978-0-06-085113-2 
020 |a 0-06-085113-9 
041 0 |a eng 
044 |a US 
245 1 0 |a Innovation and entrepreneurship  |b practice and principles  |c Peter F. Drucker 
264 1 |a New York  |b Harper Business  |c 1993, reprint 2006 
300 |a ix, 277 s. 
610 2 0 |a inovácia 
610 2 0 |a hospodárstvo podnikové 
610 2 0 |a riadenie podnikové 
610 2 0 |a podnikanie 
610 2 0 |a podnikanie malé 
610 2 0 |a stratégia podniková 
100 1 |a Drucker, Peter F.